000 00633nam a2200229Ia 4500
003 OSt
005 20221007081501.0
006 a|||||r|||| 00| 0
007 ta
008 221006b |||||||| |||| 00| 0 eng d
024 _a28,450
037 _cTextual
040 _aFLL
_cFLL
_beng
041 _2eng
_aeng
082 _aZ73:881, K4
100 _aFalk Richard A.
245 0 _aRole of domestic courts in the international legal order
260 _aNew York
_bSyracuse University Press New
_c1964
300 _axvi,184p
_ccm.
942 _hZ73:881, K4
_cTEXL
_2CC
999 _c1163205
_d1163205